Participatory farmers research for home garden in dang kor district, (ការពផសោធន៍ដោយមានកសិករចូលរួមក្នុងការបន្លឬជាលក្ខណៈគ្រួសារនីខ័ណ្ឌដង្កោ). (Record no. 437)

000 -LEADER
fixed length control field 00629nam a22001337a 4500
040 ## - CATALOGING SOURCE
Transcribing agency RUA
082 ## - DEWEY DECIMAL CLASSIFICATION NUMBER
Classification number AGR ETH 1996 BOO25 Or.1
100 ## - MAIN ENTRY--AUTHOR NAME
Personal name ETH , SOKUNMONY
245 ## - TITLE STATEMENT
Title Participatory farmers research for home garden in dang kor district, (ការពផសោធន៍ដោយមានកសិករចូលរួមក្នុងការបន្លឬជាលក្ខណៈគ្រួសារនីខ័ណ្ឌដង្កោ).
260 ## - PUBLICATION, DISTRIBUTION, ETC. (IMPRINT)
Place of publication phnom phen
Name of publisher RUA
Year of publication 1999
300 ## - PHYSICAL DESCRIPTION
Number of Pages XV,73P.
Other physical details ILL.
Dimensions 29CM.
856 ## - ELECTRONIC LOCATION AND ACCESS
Uniform Resource Identifier https://drive.google.com/file/d/1eusy9y6h12kHnXRcDZ1cBwG4XkZqy3tf/view?usp=sharing
942 ## - ADDED ENTRY ELEMENTS (KOHA)
Koha item type AGR
952 ## - LOCATION AND ITEM INFORMATION (KOHA)
Withdrawn status [LOCAL, KOHA] 0
952 ## - LOCATION AND ITEM INFORMATION (KOHA)
Withdrawn status [LOCAL, KOHA] 0
952 ## - LOCATION AND ITEM INFORMATION (KOHA)
Withdrawn status [LOCAL, KOHA] 0
952 ## - LOCATION AND ITEM INFORMATION (KOHA)
Withdrawn status [LOCAL, KOHA] 0
952 ## - LOCATION AND ITEM INFORMATION (KOHA)
Withdrawn status [LOCAL, KOHA] 0
952 ## - LOCATION AND ITEM INFORMATION (KOHA)
Withdrawn status [LOCAL, KOHA] 0
952 ## - LOCATION AND ITEM INFORMATION (KOHA)
Withdrawn status [LOCAL, KOHA] 0
952 ## - LOCATION AND ITEM INFORMATION (KOHA)
Withdrawn status [LOCAL, KOHA] 0
952 ## - LOCATION AND ITEM INFORMATION (KOHA)
Withdrawn status [LOCAL, KOHA] 0
952 ## - LOCATION AND ITEM INFORMATION (KOHA)
Withdrawn status [LOCAL, KOHA] 0
Holdings
Permanent Location Date acquired Koha item type Lost status Shelving location Barcode Current Location Full call number
Library Block B2015-09-14AGR B025rua005049Library Block BAGR ETH 1996 BOO25 Or.1
Library Block B2015-09-14AGR B025rua004284Library Block BAGR ETH 1996 BOO25 Or.2
Library Block B2015-09-14AGR B025rua004357Library Block BAGR ETH 1996 BOO25 Or.3
Library Block B2015-09-14AGR B025rua004141Library Block BAGR ETH 1996 BOO25 Or.
Library Block B2015-09-14AGR B025rua004142Library Block BAGR ETH 1996 BOO25 Or.4
Library Block B2015-09-14AGR B025rua008011Library Block BAGR ETH 1996 BOO25 Or.5
Library Block B2015-09-14AGR B025rua004191Library Block BAGR ETH 1996 BOO25 Or.6
Library Block B2015-09-14AGR B025rua005156Library Block BAGR ETH 1996 BOO25 Or.7
Library Block B2015-09-14AGR B025rua005220Library Block BAGR ETH 1996 BOO25 Or.8
Library Block B2015-09-14AGR  rua005148Library Block BAGR ETH 1996 BOO25 Or.9
មជ្ឈមណ្ឌលឯការនៃសាកលវិទ្យាល័យភូមិន្ទកសិកម្មចំការដូង

Powered by Koha